| 000 | 00000nam##2200000za#4500 |
| 001 | 9.624048 |
| 003 | CaOODSP |
| 005 | 20241210082330 |
| 007 | ta |
| 008 | 150406|1996||||xxc||||| f|0| 0 fre|d |
| 020 | |a0-662-81566-1 |
| 022 | |a1192-5434 |
| 040 | |aCaOODSP|bfre |
| 043 | |an-cn--- |
| 086 | 1 |aFB3-2/96-14F |
| 110 | 2 |aBanque du Canada. |
| 245 | 10|aL'endettement du Canada et ses effets sur les taux d'intérêt réels de long terme / |cpar Jean-François Fillion. |
| 260 | |aOttawa - Ontario : |bBanque du Canada |c1996. |
| 300 | |a34p. : |bréférences, tableaux ; |c28 cm. |
| 490 | 1 |aDocument de travail|x1192-5434|v96-14 |
| 500 | |a«Cette étude examine les effets de l'endettement du Canada sur les taux d'intérêt réels de long terme au Canada à l'aide de la méthode des VECM (Vector Error Correction Model).»--Résumé. |
| 520 | 3 |aCette étude examine les effets de l'endettement du Canada sur les taux d'intérêt réels de long terme au Canada à l'aide de la méthode des VECM (Vector Error Correction Model).--Résumé |
| 546 | |aAbstracts in English |
| 563 | |aCouverture souple |
| 590 | |a96-45|b1996-11-08 |
| 691 | 07|aTaux d'intérêt|2gcpds |
| 720 | 1 |aFillion, Jean-François |
| 776 | 0#|tL'endettement du Canada et ses effets sur les taux d'intérêt réels de long terme / |w(CaOODSP)9.602123 |
| 830 | #0|aDocument de travail,|x1192-5434|v96-14|w(CaOODSP)9.513013 |